State Quiz - Paraná - Statistics

General Stats
  • This quiz has been taken 46 times
  • The average score is 13 of 20
Answer Stats
Hint Answer % Correct
State capital Curitiba
98%
Bordering countries Argentina
83%
Bordering countries Paraguay
83%
States that border Paraná Santa Catarina
83%
States that border Paraná São Paulo
83%
States that border Paraná Mato Grosso do Sul
80%
Most famous waterfall system Iguazu Falls
78%
Second largest city—name means "Little London" Londrina
75%
Tree genus of the Paraná pine Araucaria
68%
Largest European ancestry, besides Portuguese Italian
65%
Museum named for its modernist architect Oscar {Niemeyer}
65%
"M" city with the tallest church building in the Americas Maringá
63%
Largest Slavic ancestries Polish
60%
Largest Slavic ancestries Ukrainian
60%
Largest hydroelectric dam {Itaipu} Dam
55%
Paraná is named for a ____ it touches to the west River
55%
Tallest of those waterfalls {Devil}'s Throat
53%
Paraná leads Brazil in this meat export Poultry
48%
Beef stew from coastal Paraná Barreado
45%
State bird Azure {jay}
18%
No matching quizzes found
Score Distribution
Percent of People with Each Score
Percentile by Number Answered
Your Score History
You have not taken this quiz